Demystifying number system : (Record no. 76926)

MARC details
000 -LEADER
fixed length control field 00857nam a22002297a 4500
005 - DATE AND TIME OF LATEST TRANSACTION
control field 20130624160425.0
008 - FIXED-LENGTH DATA ELEMENTS--GENERAL INFORMATION
fixed length control field 130624b xxu||||| |||| 00| 0 eng d
010 ## - LCCN (DPL NO)
LC control number B-524232
020 ## - INTERNATIONAL STANDARD BOOK NUMBER
International Standard Book Number 9788131754436
Terms of availability 199.00
035 ## - SYSTEM CONTROL NUMBER
System control number B-524232
037 ## - SOURCE OF ACQUISITION
Source of stock number/acquisition UBH
040 ## - CATALOGING SOURCE
Original cataloging agency DPL
Language of cataloging Eng
082 ## - DEWEY DECIMAL CLASSIFICATION NUMBER
Classification number 510
100 ## - MAIN ENTRY--PERSONAL NAME
Personal name Sinha, Nishit K.
245 ## - TITLE STATEMENT
Title Demystifying number system :
Statement of responsibility, etc by Nisht K. Sinha
Remainder of title practical concepts and their applications/
260 ## - PUBLICATION, DISTRIBUTION, ETC. (IMPRINT)
Place of publication, distribution, etc New Delhi
Name of publisher, distributor, etc Pearson Education
Date of publication, distribution, etc 2012
270 ## - ADDRESS
Address ii, Community Centre, Punchsheel Park,
City New Delhi
Postal code 110017
300 ## - PHYSICAL DESCRIPTION
Extent vp.:
Dimensions 24cm (pbk)
500 ## - GENERAL NOTE
General note For the CAT and other MBA Exams
942 ## - ADDED ENTRY ELEMENTS (KOHA)
Source of classification or shelving scheme Dewey Decimal Classification
Item type English Books
Call number suffix SIN
Classification part 510
Holdings
Withdrawn status Lost status Source of classification or shelving scheme Damaged status Not for loan Collection code Home library Current library Date acquired Source of acquisition Cost, normal purchase price Total Checkouts Full call number Barcode Date last seen Copy number Cost, replacement price Koha item type
    Dewey Decimal Classification     Non-fiction Vinoba Puri Vinoba Puri 24/06/2013 UBH/029/15.5.13/DPL/ZLS/RP/2013-14/1/156/15.5.13/20.5.13 199.00   510 SIN B-524232 24/06/2013 1 199.00 English Books

© Delhi Public Library
Hit Counter
free hit counter